[Event "1st Campomanes Memorial Cup Open"]
[Site "Manila PHI"]
[Date "2010.08.30"]
[Round "4"]
[White "Olay,E"]
[Black "Ankit,R"]
[Result "1-0"]
[WhiteElo "2289"]
[BlackElo "2362"]

1.d4 d5 2.c4 c6 3.Nf3 Nf6 4.Nc3 e6 5.e3 Nbd7 6.Bd3 dxc4 7.Bxc4 b5 8.Bd3 Bd6
9.O-O O-O 10.a4 b4 11.Nb1 c5 12.Nbd2 cxd4 13.exd4 Bb7 14.b3 a5 15.Bb2 Nb6
16.Rc1 Nbd5 17.Nc4 Bf4 18.Rc2 Nd7 19.Re1 Bc7 20.Bf1 Rc8 21.g3 N5f6 22.Bg2 Bd5
23.Qe2 Be4 24.Rcc1 Bd5 25.Nfd2 Bxg2 26.Kxg2 Nd5 27.Rc2 Bb8 28.Rec1 Rc6 29.Ne3 Rxc2
30.Rxc2 N7f6 31.Qb5 Bc7 32.Qc6 Qa8 33.Ndf1 Qxc6 34.Rxc6 Rd8 35.Nxd5 Nxd5
36.Ne3 Nxe3+ 37.fxe3 Rd7 38.Kf3 Kf8 39.e4 Ke7 40.h3 Kd8 41.g4 g6 42.Ke3 Kc8
43.e5 Kb7 44.Rc4 Bb6 45.Ke4 Bd8 46.Bc1 Be7 47.Be3 Bd8 48.Bh6 Be7 49.Rc1 Bd8
50.Bf8 Bb6 51.Rc4 Bc7 52.Bc5 Bd8 53.Bd6 f5+ 54.gxf5 gxf5+ 55.Kf4 Bc7 56.d5 exd5
57.Rxc7+ Rxc7 58.Bxc7 Kxc7 59.Kxf5  1-0

[Event "ch-RUS Higher League w"]
[Site "St Petersburg RUS"]
[Date "2010.08.30"]
[Round "5"]
[White "Matveeva,S"]
[Black "Paikidze,N"]
[Result "1-0"]
[WhiteElo "2379"]
[BlackElo "2346"]

1.d4 d5 2.c4 c6 3.Nc3 Nf6 4.e3 e6 5.Nf3 Nbd7 6.Qc2 Bd6 7.b3 O-O 8.Be2 e5
9.cxd5 cxd5 10.Nb5 Bb4+ 11.Bd2 Bxd2+ 12.Nxd2 a6 13.dxe5 Nxe5 14.Nd4 Bg4 15.Bxg4 Nfxg4
16.O-O Rc8 17.Qf5 g6 18.Qb1 Qd6 19.N2f3 Rc3 20.h3 Nxf3+ 21.Nxf3 Ne5 22.Nd4 Rfc8
23.Qb2 R8c5 24.Rad1 Nc6 25.e4 Qe5 26.Nxc6 bxc6 27.exd5 cxd5 28.Rfe1 Qf6 29.b4 R5c4
30.Rxd5 Kg7 31.a3 h5 32.Red1 Re4 33.Ra5 Rec4 34.Rad5 Re4 35.R5d3 Rxd3 36.Qxf6+ Kxf6
37.Rxd3 a5 38.Rf3+ Kg7 39.Rb3 axb4 40.axb4 Re6 41.b5 Rb6 42.h4 Kf6 43.Kh2 Ke7
44.f3 Kd7 45.Kg3 Kc7 46.Kf4 Rf6+ 47.Kg5 Rf5+ 48.Kh6 Kb6 49.g3 Rc5 50.f4 Rd5
51.Kg7 Rd7 52.Kf6 Rc7 53.Rf3 Kxb5 54.f5 gxf5 55.Rxf5+ Kc4 56.Rxh5 Kd4 57.Rg5  1-0

[Event "17th Open A"]
[Site "Graz AUT"]
[Date "2010.08.31"]
[Round "4"]
[White "Zoebisch,H"]
[Black "Huber,Martin Christian"]
[Result "1/2-1/2"]
[WhiteElo "2117"]
[BlackElo "1951"]

1.d4 d5 2.c4 c6 3.Nf3 Nf6 4.Nc3 e6 5.e3 Nbd7 6.Bd3 dxc4 7.Bxc4 b5 8.Bd3 Bb7
9.e4 b4 10.Na4 c5 11.e5 Nd5 12.O-O cxd4 13.Re1 g6 14.Bg5 Qa5 15.Nxd4 a6 16.Rc1 Bg7
17.Nf3 O-O 18.a3 Rfc8 19.Ra1 b3 20.Qxb3 Bc6 21.Nc3 Rab8 22.Qc2 Nxc3 23.Qxc3 Qxc3
24.bxc3 Bxf3 25.gxf3 Nxe5 26.Be2 Rxc3 27.Bf4 Rb2 28.Rab1 Rcc2 29.Rxb2 Rxb2
30.Bxe5 Bxe5 31.Bxa6 Bd4 32.Re2 Rb1+ 33.Kg2 Ra1 34.Bc4 Rxa3 35.Ra2 Rc3 36.Be2 e5
37.h3 Kg7 38.Ba6 f5 39.Bb7 Kf6 40.Bd5 Kg5 41.Re2 Kf4 42.Bb7 Rb3 43.Bd5 Rb5
44.Bc6 Rb6 45.Bd5  1/2-1/2

[Event "17th WGM"]
[Site "Graz AUT"]
[Date "2010.08.31"]
[Round "4"]
[White "Limontaite,S"]
[Black "Schink,B"]
[Result "1/2-1/2"]
[WhiteElo "2230"]
[BlackElo "2052"]

1.d4 d5 2.c4 e6 3.Nc3 c6 4.e3 Nf6 5.Nf3 Nbd7 6.Bd3 dxc4 7.Bxc4 b5 8.Bd3 Bb7
9.e4 b4 10.Na4 c5 11.e5 Nd5 12.Nxc5 Nxc5 13.dxc5 Bxc5 14.O-O h6 15.Nd2 Qc7
16.Nb3 Be7 17.Re1 Rd8 18.Qg4 Kf8 19.Qg3 Qb6 20.Be4 a5 21.Bxd5 Rxd5 22.Be3 Qd8
23.Rac1 Kg8 24.Rc4 Kh7 25.h4 Rg8 26.Kh2 Rxe5 27.Kg1 Rd5 28.Nc5 Rd1 29.Rxd1 Qxd1+
30.Kh2 Ba8 31.b3 Qd5 32.Ne4 Qh5 33.Nd2 Bd5 34.Rd4 Bc5 35.Rd3 Be7 36.Nf3 Bxf3
37.Qxf3 Qxh4+ 38.Qh3 Qxh3+ 39.Kxh3 Rd8 40.Rd4 Rxd4 41.Bxd4 Bd8 42.Kg4 Kg6
43.Kf3 Bc7 44.Ke4 f5+ 45.Kd3 e5 46.Bc5 Kf7 47.Kc4 g5 48.Kd5 h5 49.f3 g4 50.Bf2 gxf3
51.gxf3 Ke7 52.Bh4+ Kd7 53.Bf2 Bd6 54.Be1 Bc7 55.Bf2 Bd6 56.Be1 Bc7 57.Bf2 Bd6  1/2-1/2

[Event "17th Open A"]
[Site "Graz AUT"]
[Date "2010.08.31"]
[Round "4"]
[White "Steininger,F"]
[Black "Halvax,G"]
[Result "0-1"]
[WhiteElo "2129"]
[BlackElo "2255"]

1.d4 d5 2.c4 e6 3.Nc3 c6 4.e3 Nf6 5.Nf3 Nbd7 6.Qc2 Bd6 7.Bd3 dxc4 8.Bxc4 O-O
9.O-O a6 10.a3 e5 11.dxe5 Nxe5 12.Nxe5 Bxe5 13.f4 Bxc3 14.bxc3 Qe7 15.Bd3 Re8
16.a4 c5 17.Rb1 h6 18.Rb6 Nd5 19.Rb2 Nxe3 20.Bxe3 Qxe3+ 21.Kh1 Bd7 22.Rxb7 Bxa4
23.Qa2 Rf8 24.Bg6 Be8 25.f5 Qd3 26.Rbb1 Bb5 27.Bh5 Qxc3 28.Rfc1 Qe5  0-1

[Event "17th Open A"]
[Site "Graz AUT"]
[Date "2010.08.31"]
[Round "4"]
[White "Tomazini,A"]
[Black "Kreiner,Stefan"]
[Result "1/2-1/2"]
[WhiteElo "2234"]
[BlackElo "1926"]

1.d4 d5 2.Nf3 Nf6 3.c4 c6 4.e3 e6 5.Nc3 Nbd7 6.Qc2 a6 7.b3 Bd6 8.Bd3 e5 9.dxe5 Nxe5
10.Nxe5 Bxe5 11.f4 dxc4 12.bxc4 Bb8 13.O-O Ba7 14.Kh1 Ng4 15.Rf3 Qh4 16.g3 Qh5
17.Rf1 O-O 18.Nd1 Re8 19.e4 Qh3 20.Qg2 Qxg2+ 21.Kxg2 b5 22.h3  1/2-1/2

[Event "1st Campomanes Memorial Cup Open"]
[Site "Manila PHI"]
[Date "2010.08.31"]
[Round "5"]
[White "Halay,T"]
[Black "Polao,Ben"]
[Result "1-0"]
[WhiteElo "2358"]
[BlackElo "2063"]

1.d4 d5 2.c4 c6 3.Nc3 Nf6 4.Nf3 e6 5.e3 Nbd7 6.Bd3 Bd6 7.e4 dxc4 8.Bxc4 Bb4
9.e5 Nd5 10.Bd2 N7b6 11.Bd3 c5 12.Ne4 cxd4 13.Bxb4 Nxb4 14.Nd6+ Kf8 15.Qd2 Nxd3+
16.Qxd3 g6 17.O-O Kg7 18.Qxd4 Nd5 19.Rad1 Qe7 20.h4 Bd7 21.Rfe1 Bc6 22.Qg4 h5
23.Qg3 Rhf8 24.Ng5 f6 25.exf6+ Rxf6 26.Qe5 Nf4 27.Nde4 Re8 28.f3 Bxe4 29.Nxe4 Nd5
30.Nxf6 Nxf6 31.Rc1 Qb4 32.Rc7+ Kg8 33.Qg3 Kf8 34.Kh1 Re7 35.Rxe7 Kxe7 36.b3 Nd5
37.Re4 Kf7 38.Rxb4  1-0

[Event "1st Campomanes Memorial Cup Open"]
[Site "Manila PHI"]
[Date "2010.08.31"]
[Round "5"]
[White "Bagamasbad,E"]
[Black "Saptarshi,R"]
[Result "0-1"]
[WhiteElo "2259"]
[BlackElo "2387"]

1.c4 e6 2.d4 d5 3.Nc3 c6 4.e3 Nf6 5.Nf3 a6 6.b3 Bb4 7.Bd2 Nbd7 8.Bd3 O-O
9.Qc2 Qe7 10.O-O dxc4 11.bxc4 e5 12.Ne4 Bxd2 13.Nxf6+ Qxf6 14.Qxd2 Re8 15.Qc2 h6
16.Bh7+ Kh8 17.Bf5 exd4 18.exd4 Nf8 19.Bxc8 Raxc8 20.c5 Ne6 21.Qc4 Rcd8 22.Rad1 Rd5
23.Qb3 Re7 24.Qb4 Qf4 25.Qc3 Qg4 26.h3 Qg6 27.Qe3 Qf6 28.Rfe1 Nxd4 29.Qxe7 Qxe7
30.Rxe7 Nxf3+ 31.gxf3 Rxd1+ 32.Kg2 Rb1 33.Rxf7 Kh7  0-1

[Event "ch-RUS Higher League w"]
[Site "St Petersburg RUS"]
[Date "2010.08.31"]
[Round "6"]
[White "Nebolsina,V"]
[Black "Paikidze,N"]
[Result "0-1"]
[WhiteElo "2349"]
[BlackElo "2346"]

1.d4 d5 2.c4 c6 3.Nc3 Nf6 4.e3 e6 5.Nf3 Nbd7 6.Qc2 Bd6 7.b3 O-O 8.Be2 b6
9.Bb2 Bb7 10.O-O Qe7 11.Rad1 Rac8 12.Rfe1 c5 13.cxd5 exd5 14.Bf1 Ne4 15.Qb1 Ndf6
16.dxc5 bxc5 17.Qa1 Ng4 18.h3 Ngxf2 19.Nxd5 Qe6 20.Nf4 Bxf4 21.exf4 Qg6 22.Rxe4 Nxd1
23.f5 Qg3 24.Rg4 Qf2+ 25.Kh2 Qxb2 26.Qxd1 Rfd8 27.Bd3 Ba6 28.Qb1 Qxb1 29.Bxb1 Be2
30.f6 g6 31.Rf4 Bxf3 32.Rxf3 Rd1 33.Bd3 Rc6 34.g4 g5 35.Kg3 Rd6 36.Bc4 h6
37.a4 a5 38.Rf5 Rc1 39.Rf3 Rd4 40.Re3 Rcxc4 41.bxc4 Rxc4 42.h4 gxh4+ 43.Kxh4 Kh7
44.Kh5 Rc1 45.Kh4 Kg6 46.Re7 c4 47.Ra7 c3  0-1

[Event "TCh-SRB 1st League"]
[Site "Vrnjacka Banja SRB"]
[Date "2010.08.31"]
[Round "11"]
[White "Milanovic,Da"]
[Black "Roganovic,Milo"]
[Result "1-0"]
[WhiteElo "2499"]
[BlackElo "2497"]

1.d4 d5 2.c4 c6 3.Nc3 Nf6 4.Nf3 e6 5.e3 Nbd7 6.Qc2 Bd6 7.Bd2 Qe7 8.Be2 O-O
9.O-O-O dxc4 10.Bxc4 b5 11.Bd3 b4 12.Ne4 Nxe4 13.Bxe4 Nf6 14.Bd3 a5 15.e4 e5
16.dxe5 Bxe5 17.Be3 Re8 18.Bc5 Qc7 19.Nxe5 Qxe5 20.Rhf1 Ba6 21.Bxa6 Rxa6
22.f3 Qxh2 23.Rh1 Qf4+ 24.Kb1 h6 25.Bd6 Qg5 26.g4 Rc8 27.f4 Qg6 28.g5 Nxe4
29.gxh6 c5 30.f5 Qxf5 31.hxg7 Rxd6 32.Rxd6 Kxg7 33.Rdd1 Qg6 34.Ka1 c4 35.Rhg1 Ng5
36.Qg2 Rc5 37.Rd5 Rxd5 38.Qxd5 f6 39.Qxc4 Qf5 40.Qc7+ Kg6 41.Qd8 Qe5 42.Qg8+ Kh5
43.Qg7 Qf5 44.Qh8+ Kg6 45.Qg8+ Kh5 46.Qe8+ Kh6 47.Qh8+ Kg6 48.Rh1 Kf7 49.Qd8 Qe5
50.Qd7+ Kg6 51.Qd3+ Kg7 52.Rf1 Kf7 53.Qf5 Ke7 54.Kb1 Qe4+ 55.Qxe4+ Nxe4 56.Rf5 Nd2+
57.Kc1 Nc4 58.Rc5  1-0

[Event "17th Open A"]
[Site "Graz AUT"]
[Date "2010.09.01"]
[Round "5"]
[White "Zankl,T"]
[Black "Neubauer,Ant"]
[Result "1/2-1/2"]
[WhiteElo "2122"]
[BlackElo "2003"]

1.d4 d5 2.Nf3 Nf6 3.e3 c6 4.c4 e6 5.Nc3 Nbd7 6.Bd3 Bd6 7.O-O O-O 8.e4 dxe4
9.Nxe4 Nxe4 10.Bxe4 Be7 11.Be3 Nf6 12.Bc2 Qa5 13.a3 Qh5 14.Ne5 Qxd1 15.Raxd1 Bd7
16.Rd3 Rfd8 17.Rfd1 Be8 18.Bg5 h6 19.Be3 Kf8 20.R3d2 b6 21.Kf1 Rac8 22.c5 Nd5  1/2-1/2

[Event "17th Open A"]
[Site "Graz AUT"]
[Date "2010.09.01"]
[Round "5"]
[White "Fauland,A"]
[Black "Buzeti,J"]
[Result "1-0"]
[WhiteElo "2406"]
[BlackElo "2251"]

1.d4 d5 2.c4 c6 3.Nc3 Nf6 4.Nf3 e6 5.e3 Nbd7 6.Qc2 Bd6 7.Bd2 O-O 8.h3 a6
9.g4 dxc4 10.Bxc4 c5 11.g5 cxd4 12.Nxd4 Nd5 13.Nxd5 exd5 14.Bxd5 Qxg5 15.Qf5 Qg6
16.Bc3 Nf6 17.Qf3 Nxd5 18.Qxd5 Be7 19.O-O-O Rd8 20.Nc6 Qxc6 21.Qxd8+ Bf8
22.Rhg1 g6 23.h4 b5 24.Qd4 f6 25.Qxf6 Qxf6 26.Bxf6 Kf7 27.Bd4 Bf5 28.Kd2 h5
29.Rc1 Be7 30.Rc7 Ke6 31.f3 Bb4+ 32.Ke2 Kd6 33.Rg7 Kd5 34.Rd1  1-0

[Event "7th Open"]
[Site "Kalamaria GRE"]
[Date "2010.09.01"]
[Round "9"]
[White "Iotov,V"]
[Black "Exizoglou,D"]
[Result "1-0"]
[WhiteElo "2581"]
[BlackElo "2262"]

1.d4 d5 2.Nf3 Nf6 3.c4 c6 4.Nc3 e6 5.e3 Nbd7 6.Bd3 Bd6 7.e4 dxe4 8.Nxe4 Nxe4
9.Bxe4 h6 10.O-O O-O 11.Re1 Re8 12.Bc2 b6 13.Qd3 Nf8 14.Be3 Ba6 15.Qc3 Qf6
16.Nd2 Rac8 17.Ne4 Qe7 18.Nxd6 Qxd6 19.Rad1 Qb8 20.b3 Rcd8 21.Bc1 Qc7 22.Re3 Qd6
23.h4 h5 24.Re5 g6 25.Bg5 Rd7 26.Qf3 f5 27.Bf4 Qe7 28.Qg3 Qf7 29.d5 cxd5
30.cxd5 Bb7 31.d6 Rc8 32.Bb1 Nh7 33.Rde1 Nf8 34.Bd3 Bd5 35.R5e3 Kh7 36.Bb5 Bc6
37.Bc4 Re8 38.a4 Rdd8 39.Bg5 Rc8 40.Qf4 Bd7 41.Be7 Rxe7 42.dxe7 Qxe7 43.Rd1 Kg8
44.Rd6 Kf7 45.Qd4 Rc7 46.g3 Bc8 47.Rd8 Bd7 48.Rb8 Qc5 49.Qxc5 bxc5 50.Rc3 Ke7
51.f4 Bc6 52.Bb5 Bd5 53.a5 Nh7 54.Bc4 Nf6 55.a6 Kd6 56.Rd3 Ke7 57.Kf1 Kd6
58.Ke1 Kc6 59.Rf8 Ne4 60.Rg8 Bxc4 61.bxc4 Kb6 62.Rb3+ Kc6 63.Rxg6  1-0

[Event "17th Open A"]
[Site "Graz AUT"]
[Date "2010.09.02"]
[Round "6"]
[White "Tomazini,A"]
[Black "Basagic,Z"]
[Result "1/2-1/2"]
[WhiteElo "2234"]
[BlackElo "2327"]

1.d4 d5 2.Nf3 Nf6 3.c4 c6 4.e3 e6 5.Nc3 Nbd7 6.Qc2 Bd6 7.Bd3 O-O 8.O-O Qe7
9.Bd2 Re8 10.c5 Bc7 11.b4 e5 12.dxe5 Nxe5 13.Nxe5 Bxe5 14.f4 Bxc3 15.Bxc3 Ne4
16.Bxe4 Qxe4 17.Qxe4 Rxe4 18.Bd4 a6 19.a4 Bd7 20.Kf2 f6 21.Ke2 Kf7 22.Kd2 h5
23.Rg1 Rh8 24.Kc3 Rh6 25.Ra2 Rh8 26.Rb2 Rhe8 27.Kd2 Rh8 28.Rgb1 Rhe8 29.Rg1 Rh8
30.Rbb1 Rhe8 31.Rb2  1/2-1/2

[Event "17th Open A"]
[Site "Graz AUT"]
[Date "2010.09.02"]
[Round "6"]
[White "Sakelsek,T"]
[Black "Schachinger,M"]
[Result "1-0"]
[WhiteElo "2407"]
[BlackElo "2353"]

1.d4 d5 2.c4 c6 3.Nc3 Nf6 4.e3 e6 5.Nf3 Nbd7 6.Qc2 Bd6 7.b3 O-O 8.Be2 Qe7
9.O-O b6 10.Bb2 Bb7 11.Rfe1 Rfe8 12.Rad1 Rad8 13.Bf1 a6 14.e4 dxe4 15.Nxe4 Nxe4
16.Qxe4 Nf6 17.Qc2 c5 18.d5 Qc7 19.Ng5 e5 20.f4 Qb8 21.Bd3 h6 22.Bh7+ Kf8
23.Ne6+ fxe6 24.fxe5 exd5 25.exf6 Bxh2+ 26.Kh1 d4 27.Qg6 Rxe1+ 28.Rxe1 Rd7
29.fxg7+ Rxg7 30.Qf6+ Rf7 31.Qh8+  1-0

[Event "7th Malaysia Open"]
[Site "Kuala Lumpur MAS"]
[Date "2010.09.02"]
[Round "2"]
[White "Dao Thien Hai"]
[Black "Yu Ruiyuan"]
[Result "0-1"]
[WhiteElo "2520"]
[BlackElo "2381"]

1.d4 d5 2.c4 c6 3.Nc3 Nf6 4.e3 e6 5.Nf3 Nbd7 6.Qc2 Bd6 7.g4 Bb4 8.Bd2 Qe7
9.Rg1 Bxc3 10.Bxc3 Ne4 11.Bd3 Nxc3 12.Qxc3 dxc4 13.Bxc4 O-O 14.Bb3 c5 15.O-O-O cxd4
16.exd4 Nb6 17.Kb1 Bd7 18.Qe3 Ba4 19.h4 Qb4 20.Rd3 Rac8 21.h5 Nd5 22.Qe1 Qxe1+
23.Rxe1 Nf4 24.Rc3 Bxb3 25.Rxb3 Rc7 26.Rc1 Rfc8 27.Rxc7 Rxc7 28.Re3 Kf8 29.a3 Ke7
30.Nd2 Rd7 31.Nb3 Rd5 32.Kc2 f5 33.Rf3 Ne2 34.Re3 Nxd4+ 35.Nxd4 Rxd4 36.gxf5 Rd5
37.Rg3 Kf6 38.h6 gxh6 39.fxe6 Kxe6 40.Rg7 Rd7 41.Rg3 Rf7 42.f3 Kf5 43.Kd3 Re7
44.Kd4 Kf4 45.Rh3 Rd7+ 46.Kc5 h5 47.a4 h4 48.b4 Kg5 49.a5 h5 50.b5 Rd1 51.Rh2 Ra1
52.Kb4 Rf1 53.Rh3 Rg1 54.Rh2 Rg3 55.f4+ Kg4 56.Kc5 h3 57.Kd6 Rb3  0-1

[Event "7th Malaysia Open"]
[Site "Kuala Lumpur MAS"]
[Date "2010.09.02"]
[Round "3"]
[White "Tan Zhongyi"]
[Black "Udani,I"]
[Result "1-0"]
[WhiteElo "2461"]
[BlackElo "2255"]

1.d4 d5 2.c4 e6 3.Nf3 c6 4.e3 Nf6 5.Nc3 Nbd7 6.Bd3 dxc4 7.Bxc4 b5 8.Bd3 Bb7
9.O-O Bd6 10.e4 e5 11.d5 cxd5 12.Nxb5 Bb8 13.exd5 O-O 14.Nc3 Nc5 15.Bg5 h6
16.Bxf6 Qxf6 17.b4 Nxd3 18.Qxd3 Qd6 19.Rfe1 f6 20.Rad1 Rd8 21.Ne4 Qf8 22.Nc5 Qf7
23.Nxb7 Qxb7 24.Nh4 Bd6 25.Nf5 Qf7 26.a3 Bf8 27.h3 Rd7 28.Ne3 Rad8 29.Rc1 g6
30.Rc6 f5 31.Qa6 Bd6 32.Re2 e4 33.Nc4 Qf8 34.Re1 g5 35.Rc1 e3 36.fxe3 f4
37.Nxd6 Rxd6 38.exf4 Qxf4 39.Qxa7 Rf8 40.Qc5 Rff6 41.Rxd6 Rxd6 42.Rf1  1-0

[Event "7th Malaysia Open"]
[Site "Kuala Lumpur MAS"]
[Date "2010.09.02"]
[Round "3"]
[White "Liew Chee Meng Jimmy"]
[Black "Rahman,Zia"]
[Result "0-1"]
[WhiteElo "2299"]
[BlackElo "2543"]

1.d4 d5 2.c4 e6 3.Nc3 c6 4.e3 Nf6 5.Nf3 Nbd7 6.Bd3 dxc4 7.Bxc4 b5 8.Bd3 Bd6
9.O-O O-O 10.a4 b4 11.Ne4 Nxe4 12.Bxe4 Bb7 13.a5 Rc8 14.Nd2 Ba6 15.Re1 c5
16.b3 f5 17.Bc2 Bb7 18.dxc5 Bxh2+ 19.Kxh2 Qh4+ 20.Kg1 Ne5 21.f3 Ng4 22.fxg4 fxg4
23.Qe2 Ba6 24.Bb2 Bxe2 25.Rxe2 Rxc5 26.Be4 Rh5 27.Nf3 gxf3 28.Bxf3 Rxf3 29.gxf3 Qh1+
30.Kf2 Rh2+ 31.Kg3 Rh3+ 32.Kf2 Rxf3+  0-1

[Event "7th LGA Premium Cup"]
[Site "Nuremberg GER"]
[Date "2010.09.02"]
[Round "1"]
[White "Farago,I"]
[Black "Karasek,L"]
[Result "1-0"]
[WhiteElo "2420"]
[BlackElo "2183"]

1.d4 Nf6 2.c4 e6 3.Nf3 d5 4.Nc3 c6 5.e3 Be7 6.b3 Qa5 7.Bd2 Bb4 8.Qc2 Qc7
9.Bd3 Nbd7 10.O-O Bd6 11.cxd5 exd5 12.Rac1 a6 13.e4 dxe4 14.Nxe4 Bf4 15.Bb4 Nxe4
16.Rfe1 Nf6 17.Bxe4 Bxc1 18.Bxc6+ Kd8 19.Be7+ Qxe7 20.Rxe7 Kxe7 21.Qc5+ Kd8
22.Qd6+ Nd7 23.Ne5 Ba3 24.Qxa3 Nxe5 25.Qa5+ Ke7 26.Qxe5+ Be6 27.Bxb7 Rab8
28.Qg5+ Kf8 29.Qc5+ Kg8 30.d5 Bd7 31.Qc7 Re8 32.h3 Re1+ 33.Kh2 Be8 34.d6 h6
35.d7 Bxd7 36.Qxd7 Re6 37.Bxa6  1-0

[Event "7th LGA Premium Cup"]
[Site "Nuremberg GER"]
[Date "2010.09.02"]
[Round "1"]
[White "Safyanowsky,M"]
[Black "Puehn,G"]
[Result "1-0"]
[WhiteElo "2301"]
[BlackElo "1961"]

1.d4 d5 2.c4 e6 3.Nc3 c6 4.e3 Nf6 5.Nf3 Nbd7 6.Be2 Bd6 7.O-O O-O 8.b3 b6
9.Qc2 Bb7 10.Bb2 Rc8 11.e4 dxe4 12.Nxe4 Nxe4 13.Qxe4 Qe7 14.Rad1 Rfd8 15.Bd3 Nf8
16.Qg4 f5 17.Qh5 Bf4 18.Rfe1 g6 19.Qh3 Qg7 20.Ne5 c5 21.d5 exd5 22.cxd5 Qh6
23.Bc4 Qxh3 24.d6+  1-0

[Event "ch-RUS Higher League w"]
[Site "St Petersburg RUS"]
[Date "2010.09.02"]
[Round "8"]
[White "Nebolsina,V"]
[Black "Romanko,M"]
[Result "1/2-1/2"]
[WhiteElo "2349"]
[BlackElo "2411"]

1.d4 d5 2.c4 c6 3.Nc3 Nf6 4.e3 e6 5.Nf3 Nbd7 6.Bd3 dxc4 7.Bxc4 b5 8.Bd3 Bb7
9.O-O a6 10.e4 c5 11.d5 c4 12.Bc2 Qc7 13.dxe6 fxe6 14.Ng5 Nc5 15.Be3 h6 16.Nxe6 Nxe6
17.e5 Qxe5 18.Bg6+ Ke7 19.Re1 Qd6 20.Qe2 Qc6 21.f3 Kd8 22.Bf2 Nc5 23.Bg3 Bc8
24.a4 Bd7 25.Qe5 b4 26.Rad1 Nd3 27.Bxd3 cxd3 28.Qa5+ Kc8 29.Bf2 bxc3 30.Rxd3 Nd5
31.Rxd5 Bb4 32.Qxb4 Qxd5 33.Qxc3+ Bc6 34.Rc1 Rd8 35.Qxc6+ Qxc6 36.Rxc6+ Kb7
37.Rb6+ Kc7 38.Be3 Rd3 39.Bc5 Rb8 40.Rg6 Rxb2 41.h4 a5 42.Bf8 Rd4 43.Rxg7+ Kc8
44.h5 Rd1+ 45.Kh2 Rd5 46.Kg3 Rxh5 47.Kf4 Ra2 48.g4 Rxa4+ 49.Kg3 Rh1 50.Rh7 Raa1
51.Bxh6 a4 52.g5 a3 53.Ra7 a2 54.Kf4 Rh2 55.Bg7 Rf1 56.Be5 Rg2 57.Ra3 Rfg1
58.Bd4 Rb1 59.Bf6 Rbg1 60.Bd4 Rb1 61.Ke4  1/2-1/2

[Event "ch-RUS Higher League"]
[Site "Irkutsk RUS"]
[Date "2010.09.03"]
[Round "8"]
[White "Smirnov,P"]
[Black "Obolenskikh,D"]
[Result "1-0"]
[WhiteElo "2518"]
[BlackElo "2466"]

1.d4 d5 2.c4 c6 3.Nc3 Nf6 4.e3 e6 5.Nf3 Nbd7 6.Bd3 dxc4 7.Bxc4 b5 8.Bd3 b4
9.Ne4 Nxe4 10.Bxe4 Bb7 11.a3 Qb6 12.O-O Nf6 13.Bd3 Be7 14.axb4 Bxb4 15.e4 c5
16.dxc5 Bxc5 17.b4 Bxf2+ 18.Rxf2 Ng4 19.Qa4+ Bc6 20.Qc2 O-O 21.Ra6 Qxf2+
22.Qxf2 Nxf2 23.Kxf2 Rfd8 24.Ra3 Rab8 25.Bd2 Rb7 26.Ba6 Rb6 27.Ke3 f5 28.exf5 exf5
29.Bc4+ Bd5 30.Bxd5+ Rxd5 31.Rxa7 g5 32.Bc3 h6 33.Nd4 Re5+ 34.Kd3 f4 35.b5 g4
36.Ra8+ Kf7 37.Bb4 Kg6 38.Rg8+ Kh5 39.Rf8 Re3+ 40.Kc4 Re4 41.Bc5 Rb7 42.b6 Re1
43.Rf5+ Kg6 44.Rxf4 h5 45.g3 Rh1 46.Rf2 Rc1+ 47.Rc2  1-0

[Event "ch-RUS Higher League w"]
[Site "St Petersburg RUS"]
[Date "2010.09.03"]
[Round "9"]
[White "Paikidze,N"]
[Black "Shadrina,T"]
[Result "1/2-1/2"]
[WhiteElo "2346"]
[BlackElo "2374"]

1.d4 d5 2.c4 e6 3.Nf3 Nf6 4.Nc3 c6 5.e3 Nbd7 6.Qc2 Bd6 7.Bd3 dxc4 8.Bxc4 O-O
9.O-O e5 10.Rd1 Qe7 11.dxe5 Nxe5 12.Be2 Bg4  1/2-1/2

[Event "ch-ESP"]
[Site "El Sauzal ESP"]
[Date "2010.09.04"]
[Round "1"]
[White "Leon Varela,L"]
[Black "Rodriguez Govea,A"]
[Result "1-0"]
[WhiteElo "2168"]
[BlackElo "1504"]

1.d4 d5 2.c4 c6 3.e3 e6 4.Nc3 Nf6 5.Nf3 Nbd7 6.Bd3 dxc4 7.Bxc4 b5 8.Bd3 a6
9.a3 Bb7 10.b4 a5 11.Rb1 Nd5 12.Nxd5 exd5 13.Qc2 h6 14.e4 dxe4 15.Bxe4 Qc7
16.Qe2 Be7 17.O-O Nf6 18.Bc2 O-O 19.Ne5 Bd6 20.Bxh6 gxh6 21.Rb3 Bxe5 22.dxe5 Rfe8
23.Rg3+ Kf8 24.Re3 Nd5 25.Qh5 Nxe3 26.Qxh6+ Ke7 27.Qf6+ Kd7 28.Bf5+ Nxf5
29.Qxf5+ Ke7 30.Qf6+ Kd7 31.Qf5+ Re6 32.Qxf7+ Re7 33.Rd1+ Kc8 34.Qf8+ Qd8
35.Qxd8+  1-0

[Event "ch-RUS Higher League"]
[Site "Irkutsk RUS"]
[Date "2010.09.04"]
[Round "9"]
[White "Riazantsev,A"]
[Black "Frolyanov,D"]
[Result "1-0"]
[WhiteElo "2682"]
[BlackElo "2587"]

1.d4 d5 2.c4 e6 3.Nc3 c6 4.e3 Nf6 5.Nf3 Nbd7 6.Qc2 Bd6 7.Bd3 O-O 8.O-O dxc4
9.Bxc4 b5 10.Be2 Bb7 11.Rd1 Qc7 12.e4 e5 13.dxe5 Nxe5 14.Nd4 Ng6 15.g3 Be5
16.Be3 b4 17.Na4 Nxe4 18.Qxe4 c5 19.Nb5 Qc8 20.Qc4 Qc6 21.f3 a6 22.Nxc5 axb5
23.Qxb4 Rfe8 24.Qxb5 Qxb5 25.Bxb5 Bxb2 26.Bxe8 Bxa1 27.Bb5  1-0

[Event "7th Malaysia Open"]
[Site "Kuala Lumpur MAS"]
[Date "2010.09.04"]
[Round "5"]
[White "Safarian,Al"]
[Black "Lane,G"]
[Result "0-1"]
[WhiteElo "2026"]
[BlackElo "2373"]

1.d4 d5 2.c4 c6 3.Nc3 Nf6 4.Nf3 e6 5.e3 Nbd7 6.Qc2 Bd6 7.Bd3 dxc4 8.Bxc4 b5
9.Bb3 Bb7 10.e4 e5 11.O-O O-O 12.Bg5 h6 13.Bxf6 Qxf6 14.dxe5 Nxe5 15.Nxe5 Bxe5
16.Rae1 Rad8 17.Rd1 a6 18.Kh1 Qf4 19.g3 Qf3+ 20.Kg1 b4  0-1

[Event "7th Malaysia Open"]
[Site "Kuala Lumpur MAS"]
[Date "2010.09.04"]
[Round "5"]
[White "Liew Chee Meng Jimmy"]
[Black "Hj,Azahari Md Aliuddin"]
[Result "1-0"]
[WhiteElo "2299"]
[BlackElo "2072"]

1.d4 d5 2.c4 c6 3.Nf3 Nf6 4.Nc3 e6 5.e3 Nbd7 6.Bd3 dxc4 7.Bxc4 b5 8.Bd3 Bd6
9.O-O Bb7 10.Qe2 O-O 11.b3 a6 12.Bb2 c5 13.Rac1 Rc8 14.Rfd1 Qe7 15.e4 e5
16.dxe5 Nxe5 17.Nh4 g6 18.Bb1 Nc6 19.Nf3 Rfe8 20.Qd2 Rcd8 21.Qh6 Ne5 22.Ng5 Neg4
23.Qh4 Bxh2+ 24.Kf1 h6 25.Nf3 Bc7 26.Re1 h5 27.Re2 Bc6 28.e5 Nd5 29.Qxe7 Nxe7
30.Ne4 Bb6 31.e6 fxe6 32.Nxc5 Bxc5 33.Rxc5 Bxf3 34.gxf3 Rd1+ 35.Kg2 Rxb1
36.fxg4 Nd5 37.Be5 hxg4 38.Rc6 a5 39.Ra6 a4 40.bxa4 bxa4 41.Rxa4 Rc8 42.Ra7 Rcc1
43.Kg3 Rg1+ 44.Kh4 Rg2 45.Rc2 Rh1+ 46.Kg5 Rh5+ 47.Kxg6  1-0

[Event "7th Malaysia Open"]
[Site "Kuala Lumpur MAS"]
[Date "2010.09.04"]
[Round "6"]
[White "Zeng,C"]
[Black "Yee Soon Wei"]
[Result "1-0"]
[WhiteElo "2410"]
[BlackElo "2303"]

1.d4 d5 2.c4 c6 3.Nf3 Nf6 4.Nc3 e6 5.e3 Nbd7 6.Qc2 Bd6 7.Bd2 O-O 8.O-O-O b5
9.cxb5 c5 10.e4 cxd4 11.Nxd4 Bb7 12.Nc6 Qc7 13.exd5 exd5 14.Be3 a6 15.Kb1 Rfc8
16.Nd4 Bb4 17.bxa6 Bxa6 18.Bxa6 Rxa6 19.Nxd5 Nxd5 20.Qxc7 Nxc7 21.Rc1 Raa8
22.Nc6 Nd5 23.Bd4 N7f6 24.f3 Bf8 25.a3 Nf4 26.Rc4 N6d5 27.g3 Ne6 28.Bf2 Ne7
29.Ne5 g6 30.Re4 Nc5 31.Re2 Nc6 32.Nxc6 Rxc6 33.Rc2 Rac8 34.Rhc1 R6c7 35.b4 Ne6
36.Rxc7 Rxc7 37.Rxc7 Nxc7 38.Kc2 Bd6 39.Kb3 Kf8 40.Kc4 Ke7 41.a4 Kd7 42.b5 Kc8
43.a5 Kb7 44.a6+ Kb8 45.Bc5 Be5 46.f4 Bb2 47.Bd6 Kc8 48.Kc5 Ba3+ 49.Kc6 Nxb5
50.Bxa3 Nxa3 51.a7  1-0

[Event "9th Georgiev-Kesarovski Mem"]
[Site "Sunny Beach BUL"]
[Date "2010.09.04"]
[Round "8"]
[White "Milfort,V"]
[Black "Badik,M"]
[Result "0-1"]
[WhiteElo "1661"]
[BlackElo "1836"]

1.d4 d5 2.Nf3 Nf6 3.c4 e6 4.Nc3 c6 5.e3 Nbd7 6.Be2 dxc4 7.Bxc4 Bd6 8.e4 e5
9.O-O O-O 10.Bg5 h6 11.Bh4 b5 12.Bd3 exd4 13.Nxd4 Ne5 14.h3 Nxd3 15.Bxf6 Qxf6
16.Qxd3 Rd8 17.f4 Bc5 18.e5 Rxd4 19.exf6 Rxd3+ 20.Kh1 Bf5 21.g4 Rxh3+ 22.Kg2 Bxg4
23.Ne4 Bb6 24.Rac1 Re8 25.Rfe1 Re3 26.Rxe3 Bxe3 27.Nd6 Bxc1 28.Nxe8 Bxf4
29.Nxg7 Be5 30.Ne8 Bd7  0-1

[Event "9th Georgiev-Kesarovski Mem"]
[Site "Sunny Beach BUL"]
[Date "2010.09.04"]
[Round "8"]
[White "Ni,V"]
[Black "Lamorelle,J"]
[Result "0-1"]
[WhiteElo "2199"]
[BlackElo "2278"]

1.d4 d5 2.Nf3 Nf6 3.c4 c6 4.Nc3 e6 5.e3 Nbd7 6.Bd3 dxc4 7.Bxc4 b5 8.Bd3 Bb7
9.O-O b4 10.Ne4 c5 11.Nxf6+ Qxf6 12.Ne5 O-O-O 13.Nxd7 Rxd7 14.Bb5 Rd5 15.Qa4 cxd4
16.exd4 Bd6 17.Bc6 Rh5 18.g3 Qe7 19.Be3  0-1

[Event "7th LGA Premium Cup"]
[Site "Nuremberg GER"]
[Date "2010.09.05"]
[Round "7"]
[White "Kunin,V"]
[Black "Buhmann,R"]
[Result "1/2-1/2"]
[WhiteElo "2538"]
[BlackElo "2563"]

1.d4 d5 2.c4 c6 3.Nf3 Nf6 4.Nc3 e6 5.e3 a6 6.Qc2 c5 7.cxd5 exd5 8.Be2 Nc6
9.Ne5 Qc7 10.Nxc6 Qxc6 11.dxc5 Bxc5 12.O-O Ba7 13.Bf3 O-O 14.Qd3 Be6 15.b3 Rfd8
16.Bb2 Qd6 17.Ne2 Ng4 18.Bxg4 Bxg4 19.Ng3 d4 20.h3 dxe3 21.Qxd6 Rxd6 22.hxg4 exf2+
23.Kh1 Rg6 24.Kh2 Rxg4 25.Kh3 Rg6 26.Nf5 Rg5 27.Nxg7 Rxg7 28.Bxg7 Kxg7 29.Rad1 Re8
30.g3 Re7 31.Kg2 Bc5 32.Rd5 b6 33.b4 Bxb4 34.Rxf2 f6 35.Rf4 Bc5 36.Kh3 h6
37.Kg4 Kg6 38.Rd8 h5+ 39.Kh3 Re2 40.Rg8+ Kh7 41.Ra8 Bg1 42.g4 Rh2+ 43.Kg3 h4+
44.Kf3 Rxa2 45.Rf5 Rf2+ 46.Ke4 Re2+ 47.Kd5 Kg6 48.Rg8+ Kf7 49.Rh8 Rd2+ 50.Kc6 Rg2
51.Rxh4 Ke6 52.Rf4 Ke5 53.Rf5+ Ke6 54.Rf1 a5 55.Re1+ Kf7 56.Rh7+ Kg6 57.Ree7 Kg5
58.Reg7+ Kf4 59.Kd5 Rd2+ 60.Kc4 Rd4+ 61.Kc3 Rd5 62.Rh6 Rc5+ 63.Kd3 Rd5+ 64.Kc4 Rc5+
65.Kd3 Rd5+ 66.Kc4 Rc5+  1/2-1/2